• 首页
  • 本馆介绍
  • 公告通知
  • 最新文献
  • 馆藏检索
  • 电子资源
  • 读者导购
  • 参考咨询
  • 我的图书馆
  • 登录
  • 详细信息显示
  • 放入我的书架
  • 预约/预借图书
  • 作者相关作品
  • 分类相关作品
  • 丛书相关作品
  • 出版社相关作品

书目信息

  • 表格格式
  • 工作单格式
  • 卡片格式
题名:
中亚五国史纲
    
 
作者: 马大正 , 冯锡时 主编
分册:  
出版信息: 乌鲁木齐   新疆人民出版社  2005
页数: 12,386页
开本: 24cm
丛书名:
单 册:
中图分类: K36
科图分类:
主题词: 历史
电子资源:
ISBN: 7-228-09429-8
000 00914nam0 2200277 450
001 002985728
005 20061123084424.21
010    @a7-228-09429-8@dCNY34.00
100    @a20050119d2005 em y0chiy0110 ea
101 0  @achi
102    @aCN@b650000
105    @ay z 000yy
200 1  @a中亚五国史纲@9zhong ya wu guo shi gang@f马大正,冯锡时主编
205    @a2版
210    @a乌鲁木齐@c新疆人民出版社@d2005
215    @a12,386页@d24cm
300    @a中国社会科学院重点研究项目基金资助
330    @a本书分远古至15世纪的中亚;15~20世纪初的中亚;中亚五国加入苏维埃社会主义共和国联盟;中亚五国的独立及独立后之发展走向四篇,介绍了中亚五国所处地域的历史发展概况。
606 0  @a历史
607    @a中亚
607    @a中亚@x历史
690    @aK36@v4
701  0 @a马大正@9ma da zheng@f(1938.9~)@4主编
701  0 @a冯锡时@9feng xi shi@f(1930.5~?)@4主编
801  0 @aCN@bNLC@c20061123
905    @a10447@dK36@e4=2
    
    中亚五国史纲/马大正,冯锡时主编.-2版.-乌鲁木齐:新疆人民出版社,2005
    12,386页;24cm
    中国社会科学院重点研究项目基金资助
    
    ISBN 7-228-09429-8:CNY34.00
    本书分远古至15世纪的中亚;15~20世纪初的中亚;中亚五国加入苏维埃社会主义共和国联盟;中亚五国的独立及独立后之发展走向四篇,介绍了中亚五国所处地域的历史发展概况。
●
相关链接 在E读中查询图书 在五车中查询图书 在当当中查询图书 在豆瓣中查询图书


正题名:中亚五国史纲     索取号:K36/4=2         预约/预借

序号 登录号 条形码 馆藏地/架位号 状态 备注
1 0390770   203907709   第二样本阅览室/ [索取号:K36/4=2] 在馆    
2 0390771   203907718   第二借阅区/ [索取号:K36/4=2] 在馆    
3 0390772   203907727   第二借阅区/ [索取号:K36/4=2] 在馆    
4 0390773   203907736   第二借阅区/ [索取号:K36/4=2] 在馆    
5 0390774   203907745   第二借阅区/ [索取号:K36/4=2] 在馆    
唐山师范学院图书馆 欢迎您!
大连网信软件有限公司© 版权所有